000 01040nam a2200277Ia 4500
001 Para_10388
003 CHAP
008 220125sAbri xx 000 0 und d
010 _a209145
040 _cCHAP
090 _aPA CD - TESIS 414
100 _aLeón Tolentino, Nuria
_9129375
245 _aActividad antifungica de aceites esenciales de cagetes (Tagetes foetidissima Hor y T. terniflora H.B.K.) e hinojo (Foeniculum vulgare (L.) Mill.) en Fusarium spp. /
_c Nuria León Tolentino; Director Miguel Angel Serrato Cruz
260 _aChapingo, Méx. :
_b el autor
300 _a1 CDS ROM (87 p.)
502 _aTesis (Ing. Agr. Esp. en Parasitología Agrícola). UACh. Departamento Parasitología Agrícola
700 _aSerrato Cruz, Miguel Angel. Director
_9175322
710 _aUACh Departamento Parasitología Agrícola
901 _aPA CD - TESIS 414
902 _aA
905 _a513220Abril, 2015 abnm8100000000 06
910 _aAbri
942 _cPARA
942 _cPARA
_d2
999 _c209145
_d209145